[Event "7th Open"]
[Site "Dubai UAE"]
[Date "2005.04.05"]
[Round "2"]
[White "Vladimirov,E"]
[Black "Safarli,E"]
[Result "1-0"]
[WhiteElo "2623"]
[BlackElo "2328"]
[EventDate "2005.04.04"]

1. d4 Nf6 2. c4 e6 3. Nc3 Bb4 4. e3 b6 5. Nge2 Bb7 6. a3 Bxc3+ 7. Nxc3 d6
8. Bd3 O-O 9. O-O Nbd7 10. e4 Qe7 11. Re1 e5 12. d5 Ne8 13. b4 g6 14. Be3
f5 15. exf5 gxf5 16. f4 Ng7 17. Rc1 c5 18. dxc6 Bxc6 19. Qd2 Nf6 20. c5
bxc5 21. fxe5 dxe5 22. Bxc5 Qc7 23. Bxf8 Rxf8 24. Na4 e4 25. Bb5 Ng4 26. g3
Ne5 27. Rf1 Rd8 28. Qc3 Nf3+ 29. Rxf3 exf3 30. Bxc6 1-0

[Event "7th Open"]
[Site "Dubai UAE"]
[Date "2005.04.05"]
[Round "2"]
[White "Eid,Fa"]
[Black "Sorokin,M"]
[Result "0-1"]
[WhiteElo "2332"]
[BlackElo "2599"]
[EventDate "2005.04.04"]

1. e4 e5 2. Nf3 Nc6 3. Nc3 Nf6 4. d4 exd4 5. Nxd4 Bb4 6. Nxc6 bxc6 7. Bd3
d5 8. exd5 cxd5 9. O-O O-O 10. Bg5 c6 11. Qf3 Be7 12. Rae1 Re8 13. Qg3 Be6
14. f4 Rb8 15. Nd1 Qd6 16. Qh4 h6 17. Bxh6 Ne4 18. Qh5 gxh6 19. f5 Bd7 20.
Bxe4 dxe4 21. Rxe4 Bg5 22. Rg4 Rb5 23. h4 Rxf5 24. Nf2 Rxf2 25. Kxf2 Bxg4
26. Qxg4 Qf4+ 0-1

[Event "7th Open"]
[Site "Dubai UAE"]
[Date "2005.04.05"]
[Round "2"]
[White "Saud,M"]
[Black "Solak,D"]
[Result "0-1"]
[WhiteElo "2177"]
[BlackElo "2582"]
[EventDate "2005.04.04"]

1. d4 d6 2. Nf3 Nf6 3. c4 g6 4. Nc3 Bg7 5. Bf4 O-O 6. e3 c5 7. h3 Qa5 8.
Qd2 cxd4 9. exd4 Nc6 10. d5 e5 11. Be3 Ne7 12. Be2 Nf5 13. O-O Nxe3 14.
Qxe3 Bd7 15. b4 Qc7 16. Rac1 a5 17. Nb5 Bxb5 18. cxb5 Qd8 19. Bc4 axb4 20.
Qb3 Nh5 21. Qxb4 e4 22. Nh2 f5 23. Qd2 Be5 24. g3 f4 25. Ng4 Qg5 26. Nxe5
Qxe5 27. g4 Nf6 28. Qc3 Qg5 29. f3 h5 30. Be2 hxg4 31. hxg4 Nxg4 32. fxg4
f3 33. Bxf3 exf3 34. Rc2 Qxg4+ 0-1

[Event "7th Open"]
[Site "Dubai UAE"]
[Date "2005.04.05"]
[Round "2"]
[White "Poulsen,Ma"]
[Black "Moradiabadi,E"]
[Result "1/2-1/2"]
[WhiteElo "2285"]
[BlackElo "2502"]
[EventDate "2005.04.04"]

1. d4 Nf6 2. c4 e6 3. Nc3 Bb4 4. e3 c5 5. Nge2 cxd4 6. exd4 d5 7. a3 Be7 8.
Nf4 O-O 9. cxd5 Nxd5 10. Ncxd5 exd5 11. Bd3 Nc6 12. O-O g6 13. Be3 Bf6 14.
Rc1 Qd6 15. Rc5 Be6 16. Nxe6 fxe6 17. Qg4 Bg7 18. Bb5 Nxd4 19. Bxd4 Rf4 20.
Qxf4 Qxf4 21. Be3 Qd6 22. Rfc1 h6 23. Rc7 d4 24. Rd7 Qb6 25. Rcc7 Be5 26.
Rxb7 Qa5 27. Bxh6 Rb8 28. b4 Qxa3 29. Rxa7 Qxb4 30. Bf1 Qe1 31. Bg7 d3 32.
g3 1/2-1/2

[Event "7th Open"]
[Site "Dubai UAE"]
[Date "2005.04.05"]
[Round "2"]
[White "Djuric,S"]
[Black "Omearat,A"]
[Result "1/2-1/2"]
[WhiteElo "2459"]
[BlackElo "2244"]
[EventDate "2005.04.04"]

1. c4 e6 2. Nf3 Nf6 3. Nc3 d5 4. e3 Be7 5. d4 O-O 6. Bd3 b6 7. O-O Bb7 8.
Qe2 dxc4 9. Bxc4 Ne4 10. Rd1 Nd7 11. Bd3 Ndf6 12. Qc2 Nxc3 13. bxc3 Qd5 14.
e4 Qh5 15. c4 e5 16. Nxe5 c5 17. Be2 Qh4 18. d5 Qxe4 19. Qb2 Bd6 20. Nf3
Rfe8 21. Bd3 Qg4 22. Qc2 Qh5 23. Bb2 Bc8 24. Bxf6 Bg4 1/2-1/2

[Event "7th Open"]
[Site "Dubai UAE"]
[Date "2005.04.05"]
[Round "2"]
[White "Karavade,E"]
[Black "Saleh,Nag"]
[Result "1-0"]
[WhiteElo "2355"]
[BlackElo "2189"]
[EventDate "2005.04.04"]

1. Nf3 f5 2. d3 d6 3. e4 e5 4. Nc3 Nc6 5. exf5 Bxf5 6. d4 exd4 7. Nxd4 Nxd4
8. Qxd4 Qf6 9. Qa4+ Bd7 10. Bb5 c6 11. Bd3 d5 12. Be3 Bd6 13. O-O-O Ne7 14.
Qb3 b6 15. Rde1 Qf7 16. h4 O-O 17. Kb1 Nf5 18. Ne4 Kh8 19. Ng5 Qg8 20. g4
Nxe3 21. Bxh7 Nc4 22. Qd3 1-0

[Event "7th Open"]
[Site "Dubai UAE"]
[Date "2005.04.05"]
[Round "2"]
[White "Rohit,G"]
[Black "Ihsan,J"]
[Result "1-0"]
[WhiteElo "2352"]
[BlackElo "2188"]
[EventDate "2005.04.04"]

1. e4 c5 2. Nf3 Nc6 3. Bb5 g6 4. Bxc6 dxc6 5. d3 Bg7 6. h3 e5 7. Be3 Qe7 8.
Qd2 h6 9. a3 Nf6 10. Qc3 Nd7 11. b4 b6 12. bxc5 Nxc5 13. Nbd2 O-O 14. Bxc5
Qxc5 15. Qxc5 bxc5 16. Nc4 Re8 17. Nfd2 Bf8 18. Na5 Re6 19. Rb1 Ba6 20. Rb3
Be7 21. O-O Bb5 22. Rc3 Rb8 23. Ra1 Bd8 24. Nab3 Bb6 25. a4 c4 26. Nxc4
Bxc4 27. Rxc4 a5 28. g3 f5 29. exf5 gxf5 30. Re1 Kf7 31. Nc5 Re7 32. Rb1
Bc7 33. Rxb8 Bxb8 34. Na6 Ba7 35. Rxc6 e4 36. dxe4 fxe4 37. Kf1 e3 38. fxe3
Bxe3 39. Rc7 1-0

[Event "7th Open"]
[Site "Dubai UAE"]
[Date "2005.04.06"]
[Round "3"]
[White "Kunte,A"]
[Black "Iordachescu,V"]
[Result "1/2-1/2"]
[WhiteElo "2561"]
[BlackElo "2609"]
[EventDate "2005.04.04"]

1. Nf3 Nf6 2. c4 e6 3. g3 d5 4. Bg2 Be7 5. O-O O-O 6. d4 dxc4 7. Qc2 a6 8.
Qxc4 b5 9. Qc2 Bb7 10. Bd2 Ra7 11. Rc1 Be4 12. Qb3 Nbd7 13. Ba5 Qb8 14. Qe3
Ba8 15. Nbd2 Bd6 16. Nb3 Nb6 17. Nbd2 Nbd7 18. Nb3 Re8 19. Qd3 Be4 20. Qd1
e5 21. dxe5 Nxe5 22. Nxe5 Bxe5 23. Bc3 Bxg2 24. Kxg2 h5 25. Bxe5 Rxe5 26.
Rc5 Qe8 27. Rxe5 Qxe5 28. Qd8+ Kh7 29. Qd3+ g6 30. Rc1 Qxb2 31. Qe3 c5 32.
Rxc5 Rd7 33. Rc6 Nd5 34. Qf3 Qxa2 35. Nc5 Re7 36. Rd6 Nc7 37. Ne4 Ne8 38.
Rd8 Kg7 39. Qc3+ f6 40. Rxe8 Rxe8 41. Nxf6 Kf7 42. Nxe8 1/2-1/2

[Event "7th Open"]
[Site "Dubai UAE"]
[Date "2005.04.06"]
[Round "3"]
[White "Kacheishvili,G"]
[Black "Kuzubov,Y"]
[Result "1-0"]
[WhiteElo "2597"]
[BlackElo "2558"]
[EventDate "2005.04.04"]

1. d4 d5 2. c4 c6 3. Nf3 Nf6 4. Nc3 dxc4 5. a4 e6 6. e3 c5 7. Bxc4 Nc6 8.
O-O cxd4 9. exd4 Be7 10. Qe2 O-O 11. Rd1 Nb4 12. Ne5 Bd7 13. a5 a6 14. Bg5
Bc6 15. Nxc6 bxc6 16. Bf4 Nbd5 17. Bd2 Qc8 18. Na4 Nd7 19. Be1 Qb7 20. g3
Rfb8 21. Rd3 Bf6 22. Rb3 Qc8 23. Rxb8 Nxb8 24. Bxd5 cxd5 25. Nb6 Qb7 26.
Nxa8 Qxa8 27. Rc1 Nc6 28. Qc2 Na7 29. Qc5 h6 30. Bd2 Kh7 31. Be3 1-0

[Event "7th Open"]
[Site "Dubai UAE"]
[Date "2005.04.06"]
[Round "3"]
[White "Mchedlishvili,M"]
[Black "Minasian,Art"]
[Result "1/2-1/2"]
[WhiteElo "2518"]
[BlackElo "2597"]
[EventDate "2005.04.04"]

1. d4 g6 2. c4 Bg7 3. e4 c5 4. d5 d6 5. Nc3 Nf6 6. Nf3 O-O 7. Bd3 e6 8. O-O
a6 9. a4 exd5 10. exd5 Bg4 11. h3 Bxf3 12. Qxf3 Nfd7 13. Qd1 Ne5 14. Be2 f5
15. f4 Nf7 16. Bd3 Nd7 17. Bd2 Re8 18. Qf3 Qh4 19. Rae1 1/2-1/2

[Event "7th Open"]
[Site "Dubai UAE"]
[Date "2005.04.06"]
[Round "3"]
[White "Zhou Jianchao"]
[Black "Fedorchuk,S"]
[Result "1-0"]
[WhiteElo "2473"]
[BlackElo "2577"]
[EventDate "2005.04.04"]

1. d4 Nf6 2. c4 e6 3. Nf3 b6 4. g3 Ba6 5. b3 b5 6. cxb5 Bxb5 7. Bg2 Bb4+ 8.
Bd2 a5 9. O-O Bc6 10. Bg5 O-O 11. Bxf6 Qxf6 12. a3 Bd6 13. Nc3 Qe7 14. Qc1
f5 15. Rd1 Na6 16. d5 Bb7 17. dxe6 dxe6 18. Nd4 Bxg2 19. Kxg2 e5 20. Ndb5
Qf7 21. Nxd6 cxd6 22. Rxd6 Nc5 23. Qe3 Nxb3 24. Rad1 Rae8 25. Rd7 Qc4 26.
Qa7 Rf7 27. R1d5 Rxd7 28. Rxd7 Qg4 29. Re7 Qg6 30. Nd5 f4 31. Qd7 Kf8 32.
Rxe8+ Qxe8 33. Qd6+ Kg8 34. Ne7+ Kf7 35. Nc6 Qa8 36. f3 Nc1 37. Nxe5+ Kg8
38. Qe6+ Kh8 39. Nf7+ Kg8 40. Nd8+ 1-0

[Event "7th Open"]
[Site "Dubai UAE"]
[Date "2005.04.06"]
[Round "3"]
[White "Gelashvili,T"]
[Black "Gagunashvili,M"]
[Result "0-1"]
[WhiteElo "2577"]
[BlackElo "2547"]
[EventDate "2005.04.04"]

1. c4 e5 2. Nc3 Nf6 3. Nf3 Nc6 4. a3 d5 5. cxd5 Nxd5 6. e4 Nf4 7. d4 exd4
8. Nxd4 Nxg2+ 9. Bxg2 Nxd4 10. O-O Ne6 11. Qh5 g6 12. Qe2 Bg7 13. Be3 O-O
14. Rad1 Qh4 15. f4 c6 16. Kh1 Rd8 17. e5 Rxd1 18. Qxd1 Nc7 19. Qd6 Ne8 20.
Qb4 Bf8 21. Qb3 Qe7 22. Ne4 Be6 23. Qc3 Bg7 24. Bc5 Qd8 25. Bd4 b6 26. b4
Rc8 27. Qe3 Rc7 28. Rf2 Rd7 29. Rd2 Bd5 30. Bc3 Nc7 31. f5 Bxe4 32. Bxe4
Nd5 33. Qd3 Qh4 34. Re2 Nxc3 35. Qxc3 Rd1+ 36. Kg2 Qg4+ 0-1

[Event "7th Open"]
[Site "Dubai UAE"]
[Date "2005.04.06"]
[Round "3"]
[White "Anastasian,A"]
[Black "Wu Wenjin"]
[Result "1/2-1/2"]
[WhiteElo "2574"]
[BlackElo "2535"]
[EventDate "2005.04.04"]

1. d4 Nf6 2. c4 g6 3. Nc3 d5 4. Bg5 Ne4 5. Bf4 Nxc3 6. bxc3 Bg7 7. Qa4+ Bd7
8. Qa5 e5 9. Bxe5 Nc6 10. Qxd5 Nxe5 11. dxe5 Qe7 12. Nf3 Bc6 13. Qa5 Bxf3
14. gxf3 Bxe5 15. Bg2 O-O 16. O-O Qf6 17. Rab1 b6 18. Qa4 Qf4 19. Rfd1
Qxh2+ 20. Kf1 Bd6 21. e3 a5 22. f4 Rae8 23. Qc6 Re6 24. Qf3 Rfe8 25. Rd4
Bc5 26. Rd3 Qh4 27. Rbd1 Qf6 28. Qb7 Bd6 29. Qd5 Qe7 30. Bh3 f5 31. Bg2 Kg7
1/2-1/2

[Event "7th Open"]
[Site "Dubai UAE"]
[Date "2005.04.06"]
[Round "3"]
[White "Guseinov,G"]
[Black "Svetushkin,D"]
[Result "1/2-1/2"]
[WhiteElo "2573"]
[BlackElo "2530"]
[EventDate "2005.04.04"]

1. e4 c6 2. d4 d5 3. Nd2 dxe4 4. Nxe4 Bf5 5. Ng3 Bg6 6. h4 h6 7. Nf3 e6 8.
h5 Bh7 9. Bd3 Bxd3 10. Qxd3 Nf6 11. Bd2 Nbd7 12. O-O-O Be7 13. Qe2 c5 14.
Rhe1 Rc8 15. d5 Nxd5 16. c4 N5f6 17. Nf5 O-O 18. Bc3 exf5 19. Qxe7 Re8 20.
Qxd8 Rcxd8 21. Nh4 Re4 22. Nxf5 Rxc4 23. g3 b5 24. f3 Ra4 25. Nxg7 b4 26.
Bxf6 Nxf6 27. Nf5 Nxh5 28. g4 Nf4 29. Nxh6+ Kg7 30. Nf5+ Kf6 31. Kb1 Ra6
32. Nd6 Rc6 33. Ne4+ Ke7 34. b3 1/2-1/2

[Event "7th Open"]
[Site "Dubai UAE"]
[Date "2005.04.06"]
[Round "3"]
[White "Neverov,V"]
[Black "Wang Rui"]
[Result "1/2-1/2"]
[WhiteElo "2566"]
[BlackElo "2457"]
[EventDate "2005.04.04"]

1. Nf3 Nf6 2. c4 g6 3. d4 Bg7 4. g3 O-O 5. Bg2 d6 6. O-O Nc6 7. Nc3 Bf5 8.
b3 Ne4 9. Bb2 Nxc3 10. Bxc3 Be4 11. Rc1 d5 12. e3 e6 13. Qe2 Qe7 14. Rfd1
a5 15. cxd5 exd5 16. Bh3 g5 17. Nd2 Bg6 18. Qb5 Qd6 19. Bg2 Rfd8 20. Nf3
Bh5 21. Rd2 f6 22. Ne1 Be8 23. Qe2 b6 24. Rdc2 Bg6 25. Nd3 Re8 26. Qd1 Re7
27. Be1 Be8 28. a4 Rd8 29. Rc3 Nb4 30. Nxb4 axb4 31. R3c2 f5 32. Qd2 f4 33.
Qxb4 fxe3 34. Qxd6 Rxd6 35. Rxc7 Rxc7 36. Rxc7 Bxd4 37. fxe3 Bxe3+ 38. Bf2
d4 39. Rc8 Kf7 40. Bxe3 dxe3 41. Bf3 Ke7 42. Rc3 Re6 43. Kf1 Kd6 44. Ke2
Rh6 45. Kxe3 Rxh2 46. Rc8 Bd7 47. Rd8 Kc7 48. Ra8 Bc6 49. Bxc6 Kxc6 50.
Rc8+ Kb7 51. Rh8 Rb2 52. Rxh7+ Ka6 53. Ke4 Rxb3 54. g4 Ra3 55. Kf5 Rxa4 56.
Kxg5 Ra1 57. Rh2 Rg1 58. Kh5 b5 59. g5 b4 60. g6 Kb5 61. Kh6 b3 62. g7 Kb4
63. Kh7 Ka4 1/2-1/2

[Event "7th Open"]
[Site "Dubai UAE"]
[Date "2005.04.06"]
[Round "3"]
[White "Sandipan,C"]
[Black "Navara,D"]
[Result "1-0"]
[WhiteElo "2558"]
[BlackElo "2647"]
[EventDate "2005.04.04"]

1. e4 e5 2. Nf3 Nc6 3. Bb5 a6 4. Ba4 Nf6 5. O-O Be7 6. Re1 b5 7. Bb3 O-O 8.
d4 d6 9. c3 Bg4 10. a4 Bxf3 11. gxf3 Na5 12. Ba2 c5 13. Na3 Rb8 14. axb5
axb5 15. b4 cxb4 16. cxb4 Nc6 17. Nc2 exd4 18. Nxd4 Nxd4 19. Qxd4 Nh5 20.
f4 Bf6 21. e5 dxe5 22. Qxd8 Rbxd8 23. fxe5 Rfe8 24. Bb2 Bg5 25. e6 fxe6 26.
Bxe6+ Kf8 27. Re5 h6 28. Rf5+ Bf6 29. Ra6 Ke7 30. Bxf6+ Nxf6 31. Rxb5 Rd6
32. Rbb6 Rxb6 33. Rxb6 Nh5 34. Bc4 Rc8 35. Re6+ Kd7 36. Re4 Rb8 37. b5 g5
38. Re6 Rxb5 39. Rxh6 Rc5 40. Rxh5 Rxc4 41. Rxg5 Ke6 42. Kg2 Kf6 43. Rg8
Rc3 44. h4 Ra3 45. f3 Ra1 46. Rg5 Rb1 47. Rg4 Rb5 48. Kg3 Rb1 49. h5 Rh1
50. Rh4 Rg1+ 51. Kf2 Rg7 52. h6 Rh7 53. Kg3 Kf7 54. Kf4 Kg8 55. Kg5 Ra7 56.
f4 Kh7 57. f5 Ra1 58. Rb4 Rg1+ 59. Kf6 Ra1 60. Re4 Rf1 61. Ke6 Kxh6 62. f6
Ra1 63. f7 Ra8 64. Ke7 Ra7+ 65. Kf6 Ra6+ 66. Re6 Ra8 67. Re8 Ra6+ 1-0

[Event "7th Open"]
[Site "Dubai UAE"]
[Date "2005.04.06"]
[Round "3"]
[White "Burmakin,V"]
[Black "Kobalia,M"]
[Result "1-0"]
[WhiteElo "2552"]
[BlackElo "2644"]
[EventDate "2005.04.04"]

1. d4 d5 2. c4 c6 3. Nf3 Nf6 4. e3 a6 5. Nbd2 Bf5 6. Nh4 Bg4 7. Qb3 Qc7 8.
h3 Bc8 9. Bd3 e6 10. O-O c5 11. dxc5 Nbd7 12. Qa4 Bxc5 13. Nb3 Be7 14. Bd2
O-O 15. Rac1 Qb8 16. cxd5 Nxd5 17. Nf3 h6 18. Bb1 N7f6 19. e4 Bd7 20. Qd4
Nf4 21. Rfe1 Ng6 22. e5 Nd5 23. Qg4 Qd8 24. Bxh6 gxh6 25. Bxg6 Kh8 26. Bb1
Rg8 27. Qe4 Rg7 28. Nbd4 Qb6 29. Re2 Rag8 30. g3 Qd8 31. Kh2 Rf8 32. Qc2
Bg5 33. Rd1 f5 34. exf6 Qxf6 35. Ne5 Rc8 36. Qe4 Ba4 37. Rg1 Bb5 38. Nxb5
axb5 39. Ng4 Qf8 40. f4 Nf6 41. Nxf6 Bxf6 42. Qxe6 Re7 43. Qg4 Rxe2+ 44.
Qxe2 b4 45. Rg2 Qg7 46. b3 Bd4 47. Qe4 Rd8 48. Re2 Rg8 49. Qd3 Rd8 50. Kg2
b6 51. Qg6 Qxg6 52. Bxg6 Kg7 53. Bf5 Bc3 54. Re6 h5 55. g4 hxg4 56. hxg4
Rd2+ 57. Kf3 Rxa2 58. Rxb6 Rb2 59. Be6 Be1 60. Rb7+ Kf6 61. Bc4 Rf2+ 62.
Ke4 Bd2 63. g5+ Kg6 64. Bf7+ Kg7 65. Bh5+ Kg8 66. Bf3 Rf1 67. Rd7 Rf2 68.
g6 Bc1 69. f5 Bg5 70. Rb7 Rh2 71. Ke5 Rh5 72. Rxb4 1-0

[Event "7th Open"]
[Site "Dubai UAE"]
[Date "2005.04.06"]
[Round "3"]
[White "Sulskis,S"]
[Black "Aleksandrov,A"]
[Result "0-1"]
[WhiteElo "2545"]
[BlackElo "2635"]
[EventDate "2005.04.04"]

1. e4 e5 2. Nf3 Nc6 3. Bb5 Nf6 4. O-O Nxe4 5. d4 Nd6 6. Ba4 exd4 7. c3 Be7
8. cxd4 b5 9. Bb3 Bb7 10. Re1 O-O 11. Nc3 Na5 12. Bc2 f5 13. Qe2 b4 14.
Qxe7 bxc3 15. bxc3 Be4 16. Qxd8 Rfxd8 17. Bd1 Nb5 18. Bg5 Re8 19. Rc1 Bd5
20. Re5 c6 21. Rxf5 Nc4 22. Ba4 a6 23. Ne5 Ncd6 24. Rf4 h6 25. Bh4 g5 26.
Rg4 Ne4 27. c4 Nxd4 28. cxd5 Ne2+ 29. Kf1 Rxe5 30. Rc2 Nd4 31. Rb2 cxd5 32.
f4 Rf8 33. Kg1 Nc3 34. Bxd7 Nde2+ 35. Kh1 Nxf4 36. h3 Re7 37. Bc6 Rf6 38.
Ba8 Nd1 39. g3 Ne6 40. Rb8+ Kh7 41. Kg1 Nc7 0-1

[Event "7th Open"]
[Site "Dubai UAE"]
[Date "2005.04.06"]
[Round "3"]
[White "Sturua,Z"]
[Black "Ghaem Maghami,E"]
[Result "1/2-1/2"]
[WhiteElo "2530"]
[BlackElo "2632"]
[EventDate "2005.04.04"]

1. d4 Nf6 2. c4 c5 3. d5 b5 4. cxb5 a6 5. bxa6 g6 6. Nc3 Bxa6 7. Nf3 d6 8.
g3 Bg7 9. Bg2 O-O 10. Rb1 Qa5 11. O-O Nbd7 12. Qc2 Nb6 13. Rd1 Ng4 1/2-1/2

[Event "7th Open"]
[Site "Dubai UAE"]
[Date "2005.04.06"]
[Round "3"]
[White "Adly,A"]
[Black "Sargissian,G"]
[Result "1/2-1/2"]
[WhiteElo "2484"]
[BlackElo "2630"]
[EventDate "2005.04.04"]

1. Nf3 Nf6 2. e3 e6 3. b3 b6 4. Bb2 Bb7 5. d4 g6 6. Be2 Bg7 7. O-O O-O 8.
c4 d5 9. cxd5 Nxd5 10. Nc3 Nxc3 11. Bxc3 Nd7 12. Rc1 c5 13. dxc5 Nxc5 14.
Bb4 Rc8 1/2-1/2

[Event "7th Open"]
[Site "Dubai UAE"]
[Date "2005.04.06"]
[Round "3"]
[White "Xu Yuhua"]
[Black "Vladimirov,E"]
[Result "1/2-1/2"]
[WhiteElo "2478"]
[BlackElo "2623"]
[EventDate "2005.04.04"]

1. e4 e5 2. Nf3 Nc6 3. Bc4 Nf6 4. d3 Bc5 5. c3 a6 6. h3 d6 7. Bb3 h6 8.
Nbd2 Ba7 9. O-O O-O 10. Re1 Nh5 11. Nf1 Qf6 12. Be3 Bxe3 13. fxe3 Qe7 14.
g4 Nf6 15. Ng3 g6 16. Rf1 Na5 17. Bc2 c5 18. d4 cxd4 19. exd4 Bd7 20. Rf2
Kg7 21. Bd3 Rac8 22. Qd2 Nh7 23. Kg2 b5 24. Raf1 Rc7 25. Ne1 Bc8 26. Nc2
Qh4 27. Ne3 Ng5 28. Rh1 Be6 29. Qe1 Kg8 30. Ne2 Re8 31. d5 Bd7 32. b4 Nc4
33. Nxc4 bxc4 34. Bc2 Rb7 35. a4 a5 36. b5 h5 37. Ng3 Nh7 38. Qf1 Ng5 39.
Qe1 Nh7 40. Qf1 Ng5 1/2-1/2

[Event "7th Open"]
[Site "Dubai UAE"]
[Date "2005.04.06"]
[Round "3"]
[White "Efimenko,Z"]
[Black "Gonzales,Jay"]
[Result "1-0"]
[WhiteElo "2620"]
[BlackElo "2474"]
[EventDate "2005.04.04"]

1. e4 d5 2. exd5 Qxd5 3. Nc3 Qa5 4. d4 c6 5. Bc4 Bf5 6. Nf3 e6 7. Bd2 Nd7
8. d5 cxd5 9. Nxd5 Qc5 10. Qe2 Bg4 11. O-O-O Rc8 12. Bb3 a6 13. Rhe1 Ngf6
14. Bc3 Qb5 15. Qe3 Bxf3 16. Nxf6+ Nxf6 17. Qxf3 Be7 18. Re5 Qc6 19. Qxc6+
bxc6 20. Ra5 O-O 21. Bxf6 Bxf6 22. Rxa6 Rfd8 23. c3 Bg5+ 24. Kb1 Kf8 25.
Ba4 c5 26. Rxd8+ Rxd8 27. Rc6 Rb8 28. Rxc5 Bh4 29. g3 Be7 30. Rc6 Bd8 1-0

[Event "7th Open"]
[Site "Dubai UAE"]
[Date "2005.04.06"]
[Round "3"]
[White "Sorokin,M"]
[Black "Guseinov,El"]
[Result "1/2-1/2"]
[WhiteElo "2599"]
[BlackElo "2391"]
[EventDate "2005.04.04"]

1. Nf3 c5 2. c4 Nf6 3. Nc3 Nc6 4. g3 g6 5. Bg2 Bg7 6. O-O O-O 7. d4 cxd4 8.
Nxd4 Nxd4 9. Qxd4 d6 10. Qd3 a6 11. Bf4 Bf5 12. e4 Be6 13. Rac1 Nd7 14. b3
Rb8 15. Nd5 Ne5 16. Qd2 b5 17. c5 dxc5 18. Rxc5 Rc8 19. Rxc8 Bxc8 20. Bg5
f6 21. Be3 e6 22. Nb6 Qxd2 23. Bxd2 Bb7 24. Rc1 Rd8 25. Be3 Ng4 26. Bc5 Bh6
27. f4 e5 28. Bf3 f5 29. Nd5 Bxd5 30. exd5 exf4 31. Be7 fxg3 32. hxg3 Bxc1
33. Bxd8 Ne5 34. Be2 Ba3 35. Bc7 Nf7 36. g4 Bd6 37. Bb6 Ne5 1/2-1/2

[Event "7th Open"]
[Site "Dubai UAE"]
[Date "2005.04.06"]
[Round "3"]
[White "Riazantsev,A"]
[Black "Kulicov,O"]
[Result "1-0"]
[WhiteElo "2608"]
[BlackElo "2402"]
[EventDate "2005.04.04"]

1. d4 Nf6 2. Nf3 e6 3. c4 Bb4+ 4. Bd2 Bxd2+ 5. Qxd2 O-O 6. Nc3 d5 7. e3 Qe7
8. cxd5 exd5 9. Bd3 Nc6 10. h3 Rd8 11. O-O Ne4 12. Qd1 Bf5 13. Qb3 Na5 14.
Qc2 Nc6 15. a3 Rd6 16. Rae1 Rad8 17. Nd2 Nxd2 18. Qxd2 Bxd3 19. Qxd3 Nb8
20. b4 a6 21. Na4 c6 22. Nc5 Qc7 23. a4 Nd7 24. Rb1 Nxc5 25. bxc5 R6d7 26.
Rb6 Qc8 27. Qf5 g6 28. Qf6 Re8 29. Rfb1 Re6 30. Qf4 Kg7 31. g4 Re4 32. Qg3
f6 33. R6b3 Ree7 34. Kg2 Qc7 35. Qxc7 Rxc7 36. h4 f5 37. Kf3 Kf6 38. Rg1
1-0

[Event "7th Open"]
[Site "Dubai UAE"]
[Date "2005.04.06"]
[Round "3"]
[White "Sale,S"]
[Black "Zhang Zhong"]
[Result "0-1"]
[WhiteElo "2449"]
[BlackElo "2599"]
[EventDate "2005.04.04"]

1. Nf3 c5 2. c4 Nc6 3. Nc3 e5 4. e3 Nf6 5. d4 cxd4 6. exd4 e4 7. Ng5 Bb4 8.
d5 Bxc3+ 9. bxc3 Na5 10. Ba3 d6 11. c5 O-O 12. cxd6 Re8 13. Qd4 e3 14. f3
h6 15. h4 Nh5 16. Bb5 Bd7 17. Bxd7 Qxd7 18. g4 Nf6 19. Nh3 Rac8 20. g5 Nc4
21. Bb4 Ne5 22. O-O-O e2 23. gxf6 Rc4 24. Qxa7 exd1=Q+ 25. Kxd1 Qf5 26. Nf2
Qb1+ 0-1

[Event "7th Open"]
[Site "Dubai UAE"]
[Date "2005.04.06"]
[Round "3"]
[White "Solak,D"]
[Black "Wang Yu A"]
[Result "1/2-1/2"]
[WhiteElo "2582"]
[BlackElo "2373"]
[EventDate "2005.04.04"]

1. e4 e5 2. Nf3 Nf6 3. Nxe5 d6 4. Nf3 Nxe4 5. d4 d5 6. Bd3 Nc6 7. O-O Be7
8. c4 Nb4 9. cxd5 Nxd3 10. Qxd3 Qxd5 11. Re1 Bf5 12. Nc3 Nxc3 13. Qxc3 Be6
14. Re5 Qc6 15. Qa5 Rd8 16. Bg5 Bxg5 17. Rxg5 O-O 18. Rc5 Qb6 19. Qxb6 cxb6
20. Rc7 Bd5 21. a3 f6 22. Re1 Rf7 23. Ree7 1/2-1/2

[Event "7th Open"]
[Site "Dubai UAE"]
[Date "2005.04.06"]
[Round "3"]
[White "Kotsur,P"]
[Black "Al Qudaimi,B"]
[Result "1-0"]
[WhiteElo "2599"]
[BlackElo "2363"]
[EventDate "2005.04.04"]

1. e4 e5 2. Bc4 Nf6 3. d3 Bc5 4. Nf3 Nc6 5. c3 O-O 6. b4 Bb6 7. O-O d6 8.
Nbd2 a5 9. b5 Ne7 10. Re1 Ng6 11. Nf1 c6 12. bxc6 bxc6 13. Bb3 Re8 14. Ba4
Bd7 15. Ng3 Qc7 16. h3 h6 17. Nh2 d5 18. Ng4 Nxg4 19. hxg4 Qa7 20. Rf1 dxe4
21. Nxe4 Red8 22. g5 hxg5 23. Bxg5 Rdb8 24. Qh5 Qa6 25. Bc2 a4 26. Bc1 Nf8
27. g3 f5 28. Ng5 g6 29. Qh4 c5 30. Be3 Qb5 31. Bc1 Qa6 32. Bd1 Qxd3 33.
Bf3 e4 34. Rd1 Qb5 35. Rd6 Kg7 36. Nxe4 fxe4 37. Bxe4 1-0

[Event "7th Open"]
[Site "Dubai UAE"]
[Date "2005.04.06"]
[Round "3"]
[White "Mari Arul,S"]
[Black "Mariano,N1"]
[Result "1/2-1/2"]
[WhiteElo "2286"]
[BlackElo "2468"]
[EventDate "2005.04.04"]

1. e4 c5 2. Nf3 d6 3. d4 cxd4 4. Nxd4 a6 5. Bc4 e6 6. Nc3 b5 7. Bb3 Bb7 8.
O-O Nc6 9. Nxc6 Bxc6 10. Re1 Be7 11. Ne2 Bxe4 12. Nd4 d5 13. a4 Nf6 14. Nc6
Qb6 15. Nxe7 Kxe7 16. Be3 Qd6 17. f3 Bg6 18. Qd2 Rhc8 19. Bf4 Qc5+ 20. Be3
Qd6 21. Bf4 Qc5+ 22. Be3 Qd6 23. Bf4 1/2-1/2

[Event "7th Open"]
[Site "Dubai UAE"]
[Date "2005.04.06"]
[Round "3"]
[White "El Taher,F"]
[Black "Saleh,Nab"]
[Result "0-1"]
[WhiteElo "2458"]
[BlackElo "2260"]
[EventDate "2005.04.04"]

1. e4 c6 2. d4 d5 3. Nc3 dxe4 4. Nxe4 Bf5 5. Ng3 Bg6 6. h4 h6 7. Nf3 Nd7 8.
h5 Bh7 9. Bd3 Bxd3 10. Qxd3 Ngf6 11. Bf4 Qa5+ 12. Bd2 Qc7 13. O-O-O e6 14.
Ne4 O-O-O 15. g3 Nxe4 16. Qxe4 Nf6 17. Qe2 Bd6 18. c4 c5 19. Bc3 cxd4 20.
Nxd4 a6 21. Kb1 Bc5 22. Nb3 Rxd1+ 23. Rxd1 Rd8 24. Rxd8+ Kxd8 25. g4 Ke8
26. f3 Be7 27. Nd4 Nd7 28. Nc2 Kf8 29. Bd4 Bg5 30. a3 Bf4 31. Qe4 Bg5 32.
Qe2 Bf4 33. Qe4 Bg5 34. Nb4 Kg8 35. Bc3 Nb6 36. b3 Nd7 37. Nd3 Nf6 38. Qd4
Ne8 39. Qe4 Qb6 40. Kc2 Qc7 41. f4 Be7 42. a4 Nf6 43. Qf3 b5 44. g5 bxc4
45. bxc4 hxg5 46. fxg5 Qh2+ 47. Kb3 Nxh5 48. Ne5 Nf4 49. Ng4 Qg1 50. Qxf4
Qb1+ 51. Bb2 Qd1+ 52. Kc3 a5 53. Bc1 Bd6 0-1

[Event "7th Open"]
[Site "Dubai UAE"]
[Date "2005.04.06"]
[Round "3"]
[White "Omearat,A"]
[Black "Tissir,M"]
[Result "1/2-1/2"]
[WhiteElo "2244"]
[BlackElo "2442"]
[EventDate "2005.04.04"]

1. d4 e6 2. Nf3 Nf6 3. e3 c5 4. Bd3 b6 5. O-O Bb7 6. c4 Ne4 7. Nbd2 Nxd2 8.
Bxd2 Be7 9. Bc3 O-O 10. e4 cxd4 11. Nxd4 d6 12. f4 Nd7 13. Rf3 Rc8 14. Rg3
g6 15. Qh5 Bf6 16. Nxe6 fxe6 17. Rxg6+ hxg6 18. Qxg6+ Kh8 19. Qh6+ Kg8
1/2-1/2

[Event "7th Open"]
[Site "Dubai UAE"]
[Date "2005.04.06"]
[Round "3"]
[White "Bistric,F"]
[Black "Sethuraman,S"]
[Result "1-0"]
[WhiteElo "2440"]
[BlackElo "2242"]
[EventDate "2005.04.04"]

1. c4 e5 2. Nc3 Nf6 3. Nf3 Nc6 4. d3 d5 5. cxd5 Nxd5 6. e3 Be7 7. Be2 Be6
8. O-O O-O 9. a3 a5 10. Qc2 f5 11. b3 Nb6 12. Bb2 Bf6 13. Nd2 Qd7 14. Nc4
Nd5 15. Rac1 Nxc3 16. Bxc3 b5 17. Nd2 Ne7 18. Rfd1 c5 19. a4 bxa4 20. bxa4
Nd5 21. Ba1 Nb4 22. Qxc5 Qxa4 23. Bxe5 Na2 24. Qc6 Qxc6 25. Rxc6 Bd7 26.
Rc5 Bxe5 27. Rxe5 Nc3 28. Re1 a4 29. Bf3 Rab8 30. Ra5 Bb5 31. d4 Bd3 32.
Bc6 Rb2 33. Nf3 Bb5 34. d5 Bxc6 35. dxc6 Rb5 36. Ra7 Rb6 37. Nd4 Rc8 38.
Nxf5 Kf8 39. Ne7 Re8 40. c7 Nb5 41. c8=Q Rxc8 42. Nxc8 Rb8 43. Ra5 1-0